Statistics for Biggest Cities in Yugoslavia on a Map

Click here to take the quiz!

General Stats

  • This quiz has been taken 370 times
    (60 since last reset)
  • The average score is 15 of 23

Answers on the Map

Answers color-coded by a green-red scale on the quiz's map according to % correct below.
 

Answer Stats

RepublicPopulationCity% Correct
Serbia1,133,146Belgrade
100%
Bosnia416,497Sarajevo
98%
Croatia706,770Zagreb
98%
Macedonia406,049Skopje
97%
Slovenia276,133Ljubljana
95%
Montenegro116,235Titograd
95%
Kosovo155,499Priština
93%
Croatia189,388Split
92%
Vojvodina177,266Novi Sad
75%
Serbia173,470Niš
68%
Croatia167,964Rijeka
66%
Slovenia108,122Maribor
63%
Bosnia143,079Banja Luka
59%
Croatia76,343Zadar
59%
Bosnia75,865Mostar
56%
Croatia104,761Osijek
46%
Bosnia83,770Tuzla
39%
Vojvodina98,996Subotica
36%
Kosovo92,303Prizren
34%
Macedonia77,464Bitola
32%
Serbia144,876Kragujevac
32%
Bosnia96,027Zenica
27%
Vojvodina80,333Zrenjanin
17%

Score Distribution

Percentile by Number Answered

Percent of People with Each Score

Your Score History

You have not taken this quiz since the last reset